<?xml version="1.0" encoding="UTF-8"?><?xml-stylesheet type="text/xsl" href="static/style.xsl"?><OAI-PMH xmlns="http://www.openarchives.org/OAI/2.0/" xmlns:xsi="http://www.w3.org/2001/XMLSchema-instance" xsi:schemaLocation="http://www.openarchives.org/OAI/2.0/ http://www.openarchives.org/OAI/2.0/OAI-PMH.xsd"><responseDate>2026-04-17T02:52:40Z</responseDate><request verb="GetRecord" identifier="oai:www.recercat.cat:2117/446121" metadataPrefix="marc">https://recercat.cat/oai/request</request><GetRecord><record><header><identifier>oai:recercat.cat:2117/446121</identifier><datestamp>2026-02-05T02:08:04Z</datestamp><setSpec>com_2072_1033</setSpec><setSpec>col_2072_452950</setSpec></header><metadata><record xmlns="http://www.loc.gov/MARC21/slim" xmlns:dcterms="http://purl.org/dc/terms/" xmlns:xsi="http://www.w3.org/2001/XMLSchema-instance" xmlns:doc="http://www.lyncode.com/xoai" xsi:schemaLocation="http://www.loc.gov/MARC21/slim http://www.loc.gov/standards/marcxml/schema/MARC21slim.xsd">
   <leader>00925njm 22002777a 4500</leader>
   <datafield ind2=" " ind1=" " tag="042">
      <subfield code="a">dc</subfield>
   </datafield>
   <datafield ind2=" " ind1=" " tag="720">
      <subfield code="a">Medina Leandro, Brian Nicolas</subfield>
      <subfield code="e">author</subfield>
   </datafield>
   <datafield ind2=" " ind1=" " tag="720">
      <subfield code="a">Vila Vidal, Manel</subfield>
      <subfield code="e">author</subfield>
   </datafield>
   <datafield ind2=" " ind1=" " tag="720">
      <subfield code="a">Tost, Ana</subfield>
      <subfield code="e">author</subfield>
   </datafield>
   <datafield ind2=" " ind1=" " tag="720">
      <subfield code="a">Khawaja, Mariam</subfield>
      <subfield code="e">author</subfield>
   </datafield>
   <datafield ind2=" " ind1=" " tag="720">
      <subfield code="a">Carreño, Mar</subfield>
      <subfield code="e">author</subfield>
   </datafield>
   <datafield ind2=" " ind1=" " tag="720">
      <subfield code="a">Roldán Ramos, Pedro</subfield>
      <subfield code="e">author</subfield>
   </datafield>
   <datafield ind2=" " ind1=" " tag="720">
      <subfield code="a">Rumià Arboix, Jordi</subfield>
      <subfield code="e">author</subfield>
   </datafield>
   <datafield ind2=" " ind1=" " tag="720">
      <subfield code="a">Centeno, María</subfield>
      <subfield code="e">author</subfield>
   </datafield>
   <datafield ind2=" " ind1=" " tag="720">
      <subfield code="a">Conde, Estefanía</subfield>
      <subfield code="e">author</subfield>
   </datafield>
   <datafield ind2=" " ind1=" " tag="720">
      <subfield code="a">Donaire, Antonio</subfield>
      <subfield code="e">author</subfield>
   </datafield>
   <datafield ind2=" " ind1=" " tag="720">
      <subfield code="a">Tauste Campo, Adrián Francisco</subfield>
      <subfield code="e">author</subfield>
   </datafield>
   <datafield ind2=" " ind1=" " tag="260">
      <subfield code="c">2025-08-01</subfield>
   </datafield>
   <datafield ind2=" " ind1=" " tag="520">
      <subfield code="a">Objective. Epilepsy affects around 50 million people worldwide, and reliable pre-seizure biomarkers could significantly improve neuromodulation therapies for drug-resistant patients. Recent research using stereo-electroencephalography (sEEG) has revealed transient changes in network dynamics preceding seizures. In particular, our previous work showed that these alterations are driven by recurrent, short-lasting (0.6 s) high-connectivity network configurations—termed high-connectivity states (HCSs). Here, we aim to replicate and further characterize HCS as a biomarker in a multicentric patient cohort, assess its robustness across recording modalities and montages, explore its relationship with interpretable physiological variables, and examine its network-level association with seizure-onset zone (SOZ) dynamics. Approach. We analyzed long-term intracranial EEG recordings from 12 patients with sEEG and electrocorticography. In two patients with extensive clinical information, we examined the interplay between HCS and SOZ dynamics. We also developed a low-dimensional stochastic network model to investigate mechanistic rationales of HCS emergence. Additionally, we compared HCS dynamics with gamma-band activity and heart rate, and tested robustness across different montage configurations. Main Results. In most patients, HCS probability reliably increased hours before seizure onset. In the two deeply characterized patients, this increase was specifically linked to an increased network centrality within the SOZ. The network model revealed that changes in HCS probability stem primarily from topological reconfigurations rather than changes in mean connectivity, underscoring the importance of dynamic interactions between epileptogenic and non-epileptogenic regions. Significance. These results support HCS probability as a promising biomarker for early seizure prediction and offer mechanistic insights into pre-seizure brain network dynamics.</subfield>
   </datafield>
   <datafield ind2=" " ind1=" " tag="520">
      <subfield code="a">N.M., M.V. and A.T.C were supported by the National Research Grant PID2020-119072RA-I00/AEI/10.13039/501100011033 and by the Consolidator individual Grant CNS2024-154807, MICIU/AEI /10.13039/501100011033, both funded by the Spanish Ministry of Science, Innovation, and Universities. N.M was supported by the predoctoral grant program ‘FI-SDUR’ from the Department of Research and Universities, Catalan Government, 2022 (ref. BDNS 612831) (DOGC Num. 8621–8.3.2022). M.V. was supported by grant PTQ2022-012679, funded by Spanish Ministry of Science, Innovation, and Universities, and the State Investigation Agency (MCIN/AEI /10.13039/501100011033). The research group was also supported by the Grant 2021-SGR-00582 funded by the Department of Research and Universities, Catalan Government.</subfield>
   </datafield>
   <datafield ind2=" " ind1=" " tag="520">
      <subfield code="a">Peer Reviewed</subfield>
   </datafield>
   <datafield ind2=" " ind1=" " tag="520">
      <subfield code="a">Postprint (published version)</subfield>
   </datafield>
   <datafield tag="653" ind2=" " ind1=" ">
      <subfield code="a">Àrees temàtiques de la UPC::Física::Electromagnetisme</subfield>
   </datafield>
   <datafield tag="653" ind2=" " ind1=" ">
      <subfield code="a">Epilepsy</subfield>
   </datafield>
   <datafield tag="653" ind2=" " ind1=" ">
      <subfield code="a">Stereoelectroencephalography</subfield>
   </datafield>
   <datafield tag="653" ind2=" " ind1=" ">
      <subfield code="a">Functional connectivity</subfield>
   </datafield>
   <datafield tag="653" ind2=" " ind1=" ">
      <subfield code="a">Network states</subfield>
   </datafield>
   <datafield tag="653" ind2=" " ind1=" ">
      <subfield code="a">Heart rate</subfield>
   </datafield>
   <datafield tag="653" ind2=" " ind1=" ">
      <subfield code="a">Seizure-onset zone</subfield>
   </datafield>
   <datafield tag="653" ind2=" " ind1=" ">
      <subfield code="a">Stochastic network mode</subfield>
   </datafield>
   <datafield ind2="0" ind1="0" tag="245">
      <subfield code="a">Preictal high-connectivity states in epilepsy: evidence of intracranial EEG, interplay with the seizure onset zone and network modeling</subfield>
   </datafield>
</record></metadata></record></GetRecord></OAI-PMH>